000 00766nam a2200241Ia 4500
003 OSt
005 20220925215140.0
006 a|||||r|||| 00| 0
007 ta
008 220923b |||||||| |||| 00| 0 eng d
020 _a9780674728738
_c2929.5700000000002
037 _b1787, 28/04/2016, Pranami Book Service
_cGeneral Book
040 _aRTL
_cRTL
_beng
041 _2eng
_aeng
082 _aX:7:(B), Q6
100 _aMAS-COLELL Andreu
245 0 _aGeneral equilibrium and game theory
_b Ten papers
260 _aLondon
_bHarward University Press
_c2016
300 _avi, 234p
_ccm.
650 _aEconomics
942 _hX:7:(B), Q6
_cGB
_2CC
999 _c568010
_d568010